000
00239pam a2200133 a 4500
020
_c
041
_h
100
_a
De
245
_a
Environmental Chemistry
260
_c
1995
300
_a
364
653
_a
Environment
930
_a
903
999
_c
246756
_d
246756